000 00201 a2200097 4500
001 84161
090 _c40047
_d40046
100 _aAmjad,Islam Amjad
245 _aSapney Baat Nahin Kartay
260 _bSang-e-Meel
942 _aNUST-CAE
999 _c319234
_d319234